| 000 | 01703cam a2200457 4500 | ||
|---|---|---|---|
| 008 | 090401t1987 xxu||||| |||| 00| 0 eng d | ||
| 020 | _a0419140409 | ||
| 035 | _a(Sirsi) u65040 | ||
| 041 | _aeng | ||
| 050 | _a690.230285 | ||
| 110 |
_aBuilding Cost Research Conference (1987:Salford) _91267 |
||
| 245 | _aBuilding cost modelling and computers : transactions of the... Conference on building cost modelling and computers ... at University of Salford ... 8 - 10 January 1987 | ||
| 260 |
_aLondon _bE.F.N. Spon _c1987 |
||
| 300 | _aix,630p. ; 24cm. | ||
| 350 | _a35 | ||
| 520 | _aSponsored by RICS (Quantity Surveying Division) Research and Development Committee, the Association of Heads of Departments of Surveying in Polytechnics , RICS (Quantity Surveying Division) Greater Manchester Branch (and) Science and Engineering Research Council . | ||
| 650 | _aACCURACY | ||
| 650 | _aAPPROXIMATE ESTIMATING | ||
| 650 | _aBILLS OF QUANTITIES | ||
| 650 | _aBUILT ENVIRONMENT-BUILDING COSTS | ||
| 650 | _aBUILDING PRICE FORECASTS | ||
| 650 | _aCONSTRUCTION ECONOMICS EUROPEAN COMMITTEE | ||
| 650 | _aCOST PLANNING | ||
| 650 | _aCOST PRICE MODELS | ||
| 650 | _aDATABANKS | ||
| 650 | _aESTIMATING | ||
| 650 | _aEUROPE | ||
| 650 | _aEXPERT SYSTEMS | ||
| 650 | _aLIFE CYCLE COSTING | ||
| 650 | _aPROJECT INFORMATION | ||
| 650 | _aBUILT ENVIRONMENT-QUANTITY SURVEYING | ||
| 650 | _aRESOURCE MANAGEMENT | ||
| 650 | _aROYAL INSTITUTION OF CHARTERED SURVEYORS | ||
| 650 | _aSENSITIVITY ANALYSIS | ||
| 650 | _aSIMULATION MODELLING | ||
| 650 | _aSPREADSHEETS | ||
| 650 | _aVALUE ENGINEERING | ||
| 700 |
_aBrandon, Peter S. _xEditor |
||
| 942 | _n0 | ||
| 948 | _c04/03/1997 | ||
| 999 |
_c94726 _d94726 |
||